[Event "Plovdiv Tringov Memorial 42nd"]
[Site "Plovdiv"]
[Date "2020.07.15"]
[Round "5"]
[White "Yordanov, Lachezar"]
[Black "Dokuzov, Yaroslav"]
[Result "1-0"]
[WhiteElo "2307"]
[BlackElo "2036"]
[PlyCount "113"]
[EventDate "2020.07.12"]
[EventType "swiss"]
[EventRounds "9"]
[EventCountry "BUL"]
[SourceTitle "EXT 2022"]
[Source "ChessBase"]
[SourceDate "2021.10.06"]
[SourceVersion "1"]
[SourceVersionDate "2021.10.06"]
[SourceQuality "1"]

1. d4 d5 2. Bf4 Nf6 3. e3 e6 4. c3 Bd6 5. Bg3 0-0 6. Nf3 c5 7. Bd3 Qc7 8. Ne5 Nbd7 9. f4 b6 10. Nd2 Bb7 11. Qf3 a6 12. 0-0 b5 13. Bh4 b4 14. Rac1 bxc3 15. bxc3 Ne8 16. Qh3 f5 17. g4 g6 18. gxf5 exf5 19. Bg5 Ndf6 20. Bh6 Ng7 21. Ndf3 Rfe8 22. Bxg7 Qxg7 23. Rb1 Ne4 24. Rfc1 Rab8 25. Qg2 c4 26. Bxe4 fxe4 27. Ng5 Bxe5 28. fxe5 Bc6 29. Rxb8 Rxb8 30. Qg4 Qe7 31. Rf1 Be8 32. Qe6+ Qxe6 33. Nxe6 Bd7 34. Nc5 Bh3 35. Rf6 Rb2 36. Nxa6 Rg2+ 37. Kf1 Rxa2+ 38. Ke1 Ra1+ 39. Kf2 Rf1+ 40. Kg3 Rxf6 41. exf6 Bc8 42. Nc7 g5 43. Nxd5 Be6 44. Nc7 Kf7 45. Nxe6 Kxe6 46. Kg4 Kxf6 47. h4 gxh4 48. Kxh4 Kf5 49. Kh5 h6 50. Kxh6 Kg4 51. d5 Kf3 52. d6 Kxe3 53. d7 Kd3 54. d8Q+ Kxc3 55. Qd1 Kb2 56. Qe2+ Kb3 57. Qxe4 1-0

[Event "Plovdiv Radulski Memorial 3rd"]
[Site "Plovdiv"]
[Date "2017.10.29"]
[Round "9"]
[White "Dokuzov, Yaroslav"]
[Black "Mateev, Kaloyan Mateev"]
[Result "1-0"]
[WhiteElo "1641"]
[BlackElo "1421"]
[PlyCount "27"]
[EventDate "2017.10.29"]
[EventType "swiss (rapid)"]
[EventRounds "9"]
[EventCountry "BUL"]
[SourceTitle "CBM 181 Extra"]
[Source "ChessBase"]
[SourceDate "2017.12.12"]
[SourceVersion "1"]
[SourceVersionDate "2017.12.12"]
[SourceQuality "1"]

1. d4 Nf6 2. c4 e6 3. Nc3 b6 4. a3 Bb7 5. Nf3 Be7 6. Bg5 h6 7. e3 d6 8. Bh4 Nbd7 9. Bd3 Ne4 10. Bxe7 Qxe7 11. 0-0 f5 12. Ne5 Nxe5 13. dxe5 0-0 14. Bxe4 1-0

[Event "Teteven op 31st"]
[Site "Teteven"]
[Date "2016.08.21"]
[Round "9"]
[White "Dokuzov, Yaroslav"]
[Black "Galunov, Todor"]
[Result "0-1"]
[WhiteElo "1893"]
[BlackElo "2287"]
[PlyCount "104"]
[EventDate "2016.08.13"]
[EventType "swiss"]
[EventRounds "9"]
[EventCountry "BUL"]
[SourceTitle "CBM 173 Extra"]
[Source "ChessBase"]
[SourceDate "2016.08.29"]
[SourceVersion "1"]
[SourceVersionDate "2016.08.29"]
[SourceQuality "1"]

1. d4 d5 2. c4 c6 3. Nc3 Nf6 4. Nf3 dxc4 5. a4 Bf5 6. e3 e6 7. Bxc4 Bb4 8. 0-0 0-0 9. Qe2 Nbd7 10. Rd1 Bg6 11. Bd3 Bh5 12. Qc2 Qe7 13. Ne4 Nxe4 14. Bxe4 Nf6 15. Bd3 c5 16. dxc5 Rac8 17. Bd2 Bxd2 18. Qxd2 Rxc5 19. Be2 Rfc8 20. Rac1 h6 21. Rxc5 Qxc5 22. h3 a5 23. Qd4 Qxd4 24. Rxd4 Rc1+ 25. Kh2 Kf8 26. Rd8+ Ke7 27. Rb8 Rc7 28. Ra8 Rc2 29. Nd4 Rxe2 30. Nxe2 Bxe2 31. Rxa5 Nd5 32. Rc5 Kd6 33. Rc8 Kd7 34. Rf8 Ke7 35. Rb8 Ba6 36. g4 Nb4 37. Kg3 Nd3 38. b3 Nc5 39. b4 Nxa4 40. Rg8 Kf6 41. Rb8 Nc3 42. h4 Nb5 43. Rc8 Nd6 44. Rc7 Bb5 45. Rc1 Bc4 46. Rd1 Ke7 47. f3 e5 48. Rd2 e4 49. f4 g6 50. Kf2 h5 51. gxh5 gxh5 52. Rd1 Nf5 0-1